000 00668nam a2200241Ia 4500
003 OSt
005 20220926011014.0
006 a|||||r|||| 00| 0
007 ta
008 220923b |||||||| |||| 00| 0 eng d
020 _a0131010069
037 _cGeneral Book
040 _aRTL
_cRTL
_beng
041 _2eng
_aeng
082 _aX9:(Z).73.N8, M3
100 _aDunfee Thomas W
_9231597
245 0 _aBusiness and its legal environment
260 _aNew Jersey
_bPrentice Hall
_c1983
300 _axiv,593p.
_ccm.
650 _aIndustrial Economy
942 _hX9:(Z).73.N8, M3
_cGB
_2CC
999 _c618828
_d618828